| 000 | 01062cam a2200289 a 4500 | ||
|---|---|---|---|
| 999 |
_c10118 _d10118 |
||
| 001 | 16022295 | ||
| 003 | GZU | ||
| 005 | 20211014141032.0 | ||
| 008 | 091214s2011 nju b 001 0 eng | ||
| 010 | _a 2009050860 | ||
| 020 | _a9780132448307 (alk. paper) | ||
| 020 | _a0132448300 (alk. paper) | ||
| 040 |
_aDLC _cDLC _dDLC |
||
| 043 | _an-us--- | ||
| 050 | 0 | 0 |
_aHQ1075 _b.LIN 2011 |
| 100 | 1 |
_aLindsey, Linda L. _eauthor |
|
| 245 | 1 | 0 |
_aGender roles : _ba sociological perspective / _cLinda L. Lindsey. |
| 250 | _a5th edition. | ||
| 260 |
_aUpper Saddle River, N.J. : _bPearson Prentice Hall, _c2011. |
||
| 300 |
_axvi, 510 pages. ; _c22 cm. |
||
| 504 | _aIncludes bibliographical references (p. 242-481) and indexes. | ||
| 650 | 0 | _aSex role. | |
| 650 | 0 |
_aSex role _zUnited States. |
|
| 906 |
_a7 _bcbc _corignew _d1 _eecip _f20 _gy-gencatlg |
||
| 942 |
_2lcc _cBK _eFifth edition _h1075 _iLIN _kHQ |
||